000 00589nam a2200229Ia 4500
001 17471
003 GE_BSU
008 181216s||||||||xx |||||||||||||| ||und||
020 _a9781567651447
040 _cGE_BSU
080 _a821.111
100 _aLevine,Harold. Levine, Norman
245 _aCurrents in Literature. American volume
245 _bIntegrated english language arts
260 _aNew York
260 _c2007
300 _a275p.
541 _h12 Gel.
653 _aCurrents in Literature. American volume
653 _aIntegrated english language arts
942 _cBK
999 _c50522
_d50522